[Event "Quebec op U2000"]
[Site "Longueuil"]
[Date "2018.07.25"]
[Round "6.39"]
[White "Pommainville, Roland"]
[Black "Leger, Manon"]
[Result "0-1"]
[WhiteElo "1634"]
[BlackElo "1752"]
[PlyCount "63"]
[EventDate "2018.07.21"]
[EventType "swiss"]
[EventRounds "9"]
[EventCountry "CAN"]
[SourceTitle "EXT 2022"]
[Source "ChessBase"]
[SourceDate "2021.10.06"]
[SourceVersion "1"]
[SourceVersionDate "2021.10.06"]
[SourceQuality "1"]

1. Nf3 d5 2. d4 Nf6 3. Bf4 Bf5 4. Nbd2 e6 5. e3 Bd6 6. Bxd6 Qxd6 7. Ne5 0-0 8. Ndf3 Qb6 9. c3 Qxb2 10. Qc1 Qxc1+ 11. Rxc1 Nbd7 12. Nxd7 Nxd7 13. Nh4 Bg6 14. Nxg6 hxg6 15. Bd3 c5 16. h4 cxd4 17. cxd4 Rac8 18. Kd2 f5 19. f4 Nf6 20. Rhg1 Kf7 21. Rc2 Rxc2+ 22. Bxc2 Rc8 23. Rc1 Ng4 24. Bd3 Rxc1 25. Kxc1 Nxe3 26. g3 Ke7 27. a4 Ng4 28. Kd2 Nf6 29. Ke2 Ne4 30. Kf3 a6 31. g4 fxg4+ 32. Kxg4 0-1

[Event "Quebec op U2000"]
[Site "Longueuil"]
[Date "2018.07.22"]
[Round "3.38"]
[White "Pommainville, Roland"]
[Black "Chevalier, Francois"]
[Result "0-1"]
[WhiteElo "1634"]
[BlackElo "1782"]
[PlyCount "108"]
[EventDate "2018.07.21"]
[EventType "swiss"]
[EventRounds "9"]
[EventCountry "CAN"]
[SourceTitle "EXT 2022"]
[Source "ChessBase"]
[SourceDate "2021.10.06"]
[SourceVersion "1"]
[SourceVersionDate "2021.10.06"]
[SourceQuality "1"]

1. Nf3 Nf6 2. b3 e6 3. Bb2 Be7 4. Nc3 d5 5. e3 0-0 6. d4 Nbd7 7. Bd3 b6 8. Qe2 Bb7 9. h3 c5 10. dxc5 bxc5 11. Ba6 Bxa6 12. Qxa6 Qb6 13. Qxb6 axb6 14. 0-0 Rfc8 15. Rad1 Ne8 16. Nb5 Rxa2 17. Rb1 Bf6 18. Bxf6 Ndxf6 19. c4 Ne4 20. cxd5 exd5 21. Rbd1 N8f6 22. Rd3 Ra5 23. Nc3 Nxc3 24. Rxc3 Ne4 25. Rcc1 Ra2 26. Rfd1 Nf6 27. Nd4 Rca8 28. Nf5 Kf8 29. Kf1 Rb2 30. Rb1 Rxb1 31. Rxb1 Ra2 32. f3 g6 33. Nd6 Nh5 34. Nc8 Ng3+ 35. Kg1 b5 36. Kh2 Nf5 37. e4 dxe4 38. fxe4 Ne3 39. Nd6 b4 40. Rc1 Rxg2+ 41. Kh1 Rc2 42. Rxc2 Nxc2 43. Nc4 Nd4 44. Nd2 Ke7 45. Kg2 Ke6 46. Kf2 g5 47. Ke3 h5 48. Kd3 g4 49. hxg4 hxg4 50. Kc4 Nf3 51. Nf1 Kd6 52. e5+ Nxe5+ 53. Kb5 f5 54. Ne3 f4 0-1

[Event "Quebec op"]
[Site "Montreal"]
[Date "1991.07.29"]
[Round "3"]
[White "Morin, Louis"]
[Black "Pommainville, Roland"]
[Result "1-0"]
[WhiteElo "1963"]
[BlackElo "1658"]
[PlyCount "51"]
[EventDate "1991.07.27"]
[EventType "swiss"]
[EventRounds "8"]
[EventCountry "CAN"]
[SourceTitle "EXT 2022"]
[Source "ChessBase"]
[SourceDate "2021.10.06"]
[SourceVersion "1"]
[SourceVersionDate "2021.10.06"]
[SourceQuality "1"]

1. e4 e5 2. Nf3 Nf6 3. Nc3 Nc6 4. Bb5 Bc5 5. 0-0 Qe7 6. d3 Nd4 7. Bg5 c6 8. Nxd4 exd4 9. e5 Kf8 10. exf6 Qe5 11. Ne4 cxb5 12. f4 Qf5 13. g4 Qd5 14. fxg7+ Kxg7 15. Bf6+ Kg8 16. Nxc5 Qxc5 17. Qe2 Qf8 18. Qe5 h6 19. Bxh8 d6 20. Qxd4 Bxg4 21. f5 h5 22. Rae1 Kh7 23. Kg2 Qg8 24. Qg7+ Qxg7 25. Bxg7 Kxg7 26. h3 1-0

[Event "Quebec op"]
[Site "Montreal"]
[Date "1982.08.04"]
[Round "4"]
[White "Morin, Louis"]
[Black "Pommainville, Roland"]
[Result "1-0"]
[WhiteElo "1825"]
[BlackElo "1673"]
[PlyCount "126"]
[EventDate "1982.08.01"]
[EventType "swiss"]
[EventRounds "8"]
[EventCountry "CAN"]
[SourceTitle "EXT 2022"]
[Source "ChessBase"]
[SourceDate "2021.10.06"]
[SourceVersion "1"]
[SourceVersionDate "2021.10.06"]
[SourceQuality "1"]

1. e4 Nc6 2. d4 d5 3. Nc3 dxe4 4. d5 Ne5 5. Bf4 Ng6 6. Bg3 f5 7. h4 h5 8. Nh3 Nf6 9. Bc4 a6 10. Qd2 b5 11. Bb3 Bb7 12. 0-0-0 Qd7 13. Ng5 e5 14. dxe6 Qxd2+ 15. Rxd2 f4 16. Bh2 Bc5 17. e7 e3 18. Rd8+ Kxe7 19. Rxh8 Rxh8 20. f3 c6 21. g3 fxg3 22. Bxg3 Nd5 23. Nce4 Ba7 24. Nd6 Ba8 25. c4 Ndf4 26. Bxf4 Nxf4 27. Nde4 Rd8 28. c5 Nd3+ 29. Kb1 Nxc5 30. Nxc5 Bxc5 31. Ne6 Bd4 32. Nxd8 Kxd8 33. Bf7 c5 34. Bxh5 Bd5 35. b3 Bc3 36. Kc2 b4 37. Rd1 Bd2 38. Rg1 c4 39. Rxg7 c3 40. Kd1 Bc6 41. Rg5 Bb5 42. Rd5+ Ke7 43. f4 Ke6 44. Rd4 a5 45. Bg4+ Ke7 46. Rd5 Ba6 47. Rxa5 Bd3 48. Rc5 Bb1 49. Bf5 Kd6 50. Ra5 Bxf5 51. Rxf5 Ke6 52. Re5+ Kf6 53. Kc2 e2 54. Rxe2 Bxf4 55. Rf2 Ke5 56. Rxf4 Kxf4 57. a4 bxa3 58. Kxc3 Kg4 59. b4 Kxh4 60. b5 a2 61. Kb2 Kg5 62. b6 a1Q+ 63. Kxa1 Kf6 1-0